[Event "FRA AJEC/5132 corr"]
[Site "France"]
[Date "2001.??.??"]
[Round "?"]
[White "Bonny, Max"]
[Black "Renouf, Louis"]
[Result "0-1"]
[WhiteElo "1850"]
[BlackElo "1937"]
[PlyCount "76"]
[EventDate "2001.11.30"]
[EventType "tourn (corr)"]
[EventRounds "8"]
[EventCountry "FRA"]
[SourceTitle "Corr 2004"]
[Source "ChessBase"]
[SourceDate "2003.04.28"]
[SourceVersion "3"]
[SourceVersionDate "2003.04.28"]
[SourceQuality "1"]

1. e4 e5 2. Nf3 Nc6 3. Nc3 Nf6 4. Bb5 Nd4 5. Nxe5 Qe7 6. f4 Nxb5 7. Nxb5 d6 8. Nf3 Qxe4+ 9. Kf2 Kd8 10. d3 Ng4+ 11. Kg3 Qg6 12. Nh4 Qf6 13. h3 Nf2 14. Kxf2 Qxh4+ 15. g3 Qf6 16. Kg2 Bd7 17. Nc3 Bc6+ 18. Ne4 Qe6 19. Kh2 h5 20. Re1 Qd7 21. Ng5 h4 22. g4 Kc8 23. Bd2 Be7 24. c4 Bf6 25. Rb1 d5 26. Bb4 b6 27. b3 Bb7 28. cxd5 Bxg5 29. fxg5 Qxd5 30. Qd2 Rd8 31. Qf2 Qxd3 32. Rbd1 Qxd1 33. Rxd1 Rxd1 34. Qxh4 Rf1 35. Kg3 Rg1+ 36. Kf4 Rf1+ 37. Kg3 Rf3+ 38. Kg2 Kd7 0-1

[Event "FRA AJEC/5132 corr"]
[Site "France"]
[Date "2001.??.??"]
[Round "?"]
[White "Renouf, Louis"]
[Black "Bonny, Max"]
[Result "1-0"]
[WhiteElo "1937"]
[BlackElo "1850"]
[PlyCount "61"]
[EventDate "2001.11.30"]
[EventType "tourn (corr)"]
[EventRounds "8"]
[EventCountry "FRA"]
[SourceTitle "Corr 2004"]
[Source "ChessBase"]
[SourceDate "2003.04.28"]
[SourceVersion "3"]
[SourceVersionDate "2003.04.28"]
[SourceQuality "1"]

1. d4 Nf6 2. c4 g6 3. Nf3 Bg7 4. Nc3 0-0 5. e4 c6 6. e5 Ne8 7. Bd3 d5 8. 0-0 f6 9. Re1 fxe5 10. Nxe5 Nd7 11. Nf3 Nc7 12. Bg5 Nf6 13. cxd5 cxd5 14. Qb3 h6 15. Bf4 Kh7 16. Nh4 Ne6 17. Nxg6 Kg8 18. Nxd5 Nxd5 19. Be5 Rf7 20. Bc4 Nxd4 21. Bxd4 Bxd4 22. Bxd5 Bxf2+ 23. Kh1 e6 24. Bxe6 Qf6 25. Bxf7+ Qxf7 26. Re8+ Kg7 27. Re7 Qxe7 28. Nxe7 Bg4 29. Qc3+ Kf7 30. Rf1 Kxe7 31. Qb4+ 1-0